| 000 | 00683nam a2200229Ia 4500 | ||
|---|---|---|---|
| 001 | 16651 | ||
| 003 | GE_BSU | ||
| 008 | 181216s||||||||xx |||||||||||||| ||und|| | ||
| 040 | _cGE_BSU | ||
| 080 | _a821.353.1-1 | ||
| 100 | _aმელია, იაკობი | ||
| 245 | _aმზე და სანგარი | ||
| 245 | _bლექსები | ||
| 245 | _cრედ.რ.ართილაყვა. მხ. რ.ლომაძე | ||
| 260 | _aბათუმი | ||
| 260 | _bსაბჭ. აჭარა | ||
| 260 | _c1970 | ||
| 300 | _a151გვ. ; 13სმ | ||
| 653 | _aლექსები | ||
| 653 | _aმზე და სანგარი | ||
| 942 | _cBK | ||
| 999 |
_c49717 _d49717 |
||